000 00386nam a2200145Ia 4500
008 100122s9999 xx 000 0 und d
082 _b59814
_a823.08
100 _aBLYTON ENID
245 _aTHE MYSTERY OF THE BURNT COTTAGE
260 _bMAMMOTH
_c1997
300 _a160
630 _aTHE MYSTERY OF THE BURNT COTTAGE
730 _aTHE MYSTERY OF THE BURNT COTTAGE
942 _cBOOK
999 _c377730
_d377727